[Event "Dimanche 2006.10"]
[Site "Montreal CAN"]
[Date "2006.10.15"]
[Round "2"]
[White "Sedek, Mario"]
[Black "Bergeron, Marc"]
[Result "0-1"]
[WhiteElo "1624"]
[BlackElo "1991"]
[PlyCount "66"]
[EventDate "2006.10.01"]
[EventType "swiss"]
[EventRounds "5"]
[EventCountry "CAN"]

1. d4 Nf6 2. c4 g6 3. Nc3 Bg7 4. Nf3 d6 5. e4 O-O 6. Be2 e5 7. Bg5 Nbd7 8. O-O
h6 9. Be3 c6 10. h3 exd4 11. Nxd4 Re8 12. Qc2 Qe7 13. f3 d5 14. cxd5 cxd5 15.
Ndb5 dxe4 16. fxe4 Nxe4 17. Nd5 Qe5 18. Bc4 Ndf6 19. Bd4 Qg5 20. Be3 Qe5 21.
Bf4 Qh5 22. Ndc7 Qc5+ 23. Kh2 Bd7 24. Bd6 Qc6 25. Nxe8 Rxe8 26. Rad1 Rc8 27. b3
Qxb5 28. Bxb5 Rxc2 29. Bc4 Bc6 30. Bb8 Ng5 31. Bxa7 Rxg2+ 32. Kh1 Rd2+ 33. Kg1
Nxh3# 0-1

[Event "Dimanche 2006.10"]
[Site "Montreal CAN"]
[Date "2006.10.22"]
[Round "3"]
[White "Bergeron, Rene"]
[Black "Carignan-Leblanc, Cedric"]
[Result "1-0"]
[WhiteElo "1436"]
[BlackElo "1344"]
[PlyCount "106"]
[EventDate "2006.10.01"]
[EventType "swiss"]
[EventRounds "5"]
[EventCountry "CAN"]

1. e4 d5 2. exd5 Nf6 3. c4 c6 4. dxc6 Nxc6 5. Nf3 e5 6. d3 Bg4 7. h3 Bh5 8. Be2
Bd6 9. O-O Qb6 10. a3 O-O 11. b4 Qc7 12. Bb2 Rad8 13. Nc3 a6 14. b5 Bxf3 15.
Bxf3 axb5 16. Nxb5 Qe7 17. Nxd6 Rxd6 18. Bxc6 bxc6 19. a4 c5 20. Qe2 Re8 21.
Rfe1 Nd7 22. a5 f6 23. Qf3 Rb8 24. Bc3 Rb3 25. Rec1 Nb8 26. Rab1 Rxb1 27. Rxb1
Rd8 28. Qb7 Kf8 29. a6 Qxb7 30. axb7 Ke7 31. Ba5 Rd7 32. Bb6 Kd6 33. Ba7 Kc7
34. Bxc5 Kc6 35. Ba7 Rxb7 36. Rxb7 Kxb7 37. Bxb8 Kxb8 38. Kf1 Kc7 39. Ke2 f5
40. Ke3 Kd6 41. g4 g6 42. f4 h6 43. gxf5 gxf5 44. fxe5+ Kxe5 45. c5 Kd5 46. Kf4
Kxc5 47. Kxf5 h5 48. Kg5 h4 49. Kxh4 Kd4 50. Kg5 Kxd3 51. h4 Ke4 52. h5 Ke5 53.
Kg6 Ke6 1-0

[Event "Dimanche 2006.10"]
[Site "Montreal CAN"]
[Date "2006.10.22"]
[Round "3"]
[White "Katch, Gary"]
[Black "Carrier, Claude"]
[Result "1/2-1/2"]
[WhiteElo "1704"]
[BlackElo "1990"]
[PlyCount "122"]
[EventDate "2006.10.01"]
[EventType "swiss"]
[EventRounds "5"]
[EventCountry "CAN"]

1. e4 c5 2. c3 d5 3. exd5 Qxd5 4. d4 cxd4 5. cxd4 Nc6 6. Nf3 e5 7. Nc3 Bb4 8.
Bd2 Bxc3 9. Bxc3 e4 10. Ne5 Nxe5 11. dxe5 Ne7 12. Qd4 Qxd4 13. Bxd4 Bd7 14. Rd1
Rc8 15. Bc3 Bc6 16. Bc4 e3 17. O-O Bxg2 18. Kxg2 Rxc4 19. fxe3 Nc6 20. Rf4 Rc5
21. Rdf1 Nxe5 22. Bxe5 Rxe5 23. Rxf7 Re7 24. R7f3 Kd7 25. Kg3 Rc8 26. R1f2 Rc6
27. Re2 Rce6 28. h4 Re4 29. Kh3 Kd6 30. Rd2+ Kc5 31. Rd3 R4e5 32. Kg3 Kc4 33.
Rc3+ Kd5 34. Rd3+ Kc6 35. Kf2 Rc5 36. Ke2 Rc4 37. Rh3 Rf7 38. Rd2 Rg4 39. Kd1
Rf5 40. Kc2 Rc5+ 41. Kd3 Rd5+ 42. Kc3 Rxd2 43. Kxd2 h5 44. Kc3 Kd5 45. b3 Ke4
46. a4 Rg1 47. Kc4 Rc1+ 48. Kb4 Rc7 49. Rg3 Kd3 50. Rg5 Kxe3 51. Rxh5 Kd4 52.
Rg5 b6 53. h5 Ke4 54. a5 bxa5+ 55. Kxa5 Kd4 56. b4 Kc4 57. Rg6 Kd4 58. h6 gxh6
59. Rxh6 Kd5 60. b5 Kc5 61. Rh5+ Kc4 1/2-1/2

[Event "Dimanche 2006.12"]
[Site "Montreal CAN"]
[Date "2006.12.03"]
[Round "2"]
[White "Bergeron, Marc"]
[Black "Gadbois, Patrick"]
[Result "1/2-1/2"]
[WhiteElo "1991"]
[BlackElo "1967"]
[PlyCount "82"]
[EventDate "2006.11.12"]
[EventType "swiss"]
[EventRounds "4"]
[EventCountry "CAN"]

1. c4 e6 2. e4 d5 3. exd5 exd5 4. d4 Nf6 5. Nf3 c6 6. Nc3 Be7 7. Be2 O-O 8. O-O
Bg4 9. Qb3 b6 10. cxd5 Nxd5 11. Nxd5 cxd5 12. h3 Be6 13. Bf4 Nc6 14. Rac1 Na5
15. Qd3 Nc4 16. b3 Nd6 17. Ne5 Bf5 18. Qe3 Re8 19. f3 Bf8 20. Qf2 f6 21. Ng4
Bg6 22. Ne3 Bf7 23. Bd3 Qd7 24. g4 g6 25. Nc2 Rac8 26. Ba6 Rc7 27. Na3 Rxc1 28.
Rxc1 Ne4 29. fxe4 Bxa3 30. Rc7 Qe6 31. Bb5 Rd8 32. e5 Be8 33. Qh4 Be7 34. Bxe8
Rxe8 35. g5 f5 36. Qe1 Rc8 37. Qc3 Rxc7 38. Qxc7 a5 39. a4 Kf7 40. Bc1 Kg8 41.
Qb8+ Kg7 1/2-1/2

[Event "Dimanche 2006.12"]
[Site "Montreal CAN"]
[Date "2006.12.03"]
[Round "2"]
[White "Poschmann, Jeremie"]
[Black "Beladel, Brahim"]
[Result "1-0"]
[WhiteElo "1518"]
[BlackElo "1656"]
[PlyCount "61"]
[EventDate "2006.11.12"]
[EventType "swiss"]
[EventRounds "4"]
[EventCountry "CAN"]

1. d4 Nf6 2. c4 e6 3. g3 d5 4. Bg2 c6 5. Qc2 Nbd7 6. Nf3 Bb4+ 7. Bd2 Bxd2+ 8.
Nbxd2 O-O 9. O-O Re8 10. Rad1 b6 11. Rfe1 Ba6 12. e4 dxe4 13. Nxe4 Qc7 14.
Nxf6+ Nxf6 15. Ne5 Bb7 16. b4 Rac8 17. a4 a6 18. Qb3 b5 19. axb5 cxb5 20. c5
Bxg2 21. Kxg2 Nd5 22. Ng4 Red8 23. Ne3 Ne7 24. Re2 Qb7+ 25. f3 Nc6 26. d5 exd5
27. Rxd5 Re8 28. Red2 Qe7 29. Nf5 Qe1 30. Qb2 Re5 31. Rxe5 1-0

[Event "Dimanche 2006.12"]
[Site "Montreal CAN"]
[Date "2006.12.03"]
[Round "2"]
[White "Prahov, Valentin"]
[Black "Gilman, Arkadiy"]
[Result "1/2-1/2"]
[WhiteElo "2183"]
[BlackElo "2136"]
[PlyCount "48"]
[EventDate "2006.11.12"]
[EventType "swiss"]
[EventRounds "4"]
[EventCountry "CAN"]

1. e4 e6 2. d4 d5 3. e5 c5 4. c3 Nc6 5. Nf3 Bd7 6. Be2 Nge7 7. a3 cxd4 8. cxd4
Na5 9. Nbd2 Rc8 10. O-O Qb6 11. b3 Bb5 12. Bxb5+ Qxb5 13. Bb2 Nf5 14. Rc1 Rxc1
15. Qxc1 Be7 16. Qc2 O-O 17. Rc1 Nc6 18. g3 h6 19. h4 Bd8 20. b4 a5 21. Qc5 Qa4
22. b5 Be7 23. Qb6 Bd8 24. Qc5 Be7 1/2-1/2

[Event "Dimanche 2006.12"]
[Site "Montreal CAN"]
[Date "2006.12.03"]
[Round "2"]
[White "Sedek, Mario"]
[Black "Messier, Samuel"]
[Result "0-1"]
[WhiteElo "1650"]
[BlackElo "1574"]
[PlyCount "84"]
[EventDate "2006.11.12"]
[EventType "swiss"]
[EventRounds "4"]
[EventCountry "CAN"]

1. d4 Nf6 2. c4 e6 3. Nc3 c6 4. Nf3 d5 5. h3 Nbd7 6. cxd5 cxd5 7. Bf4 Be7 8. e3
O-O 9. Bd3 a6 10. O-O Re8 11. Rc1 Bf8 12. e4 dxe4 13. Nxe4 Nxe4 14. Bxe4 Nf6
15. Bb1 Bd7 16. Bg5 h6 17. Bh4 Be7 18. Bg3 Bb5 19. Re1 Bb4 20. Re3 Nd5 21. Re4
Rc8 22. a3 Be7 23. Ne5 Qb6 24. Kh2 f5 25. Re1 f4 26. Bxf4 Nxf4 27. Qf3 Rxc1 28.
Qxf4 Rxb1 29. Qf7+ Kh7 30. Qg6+ Kg8 31. Qf7+ Kh8 32. Ng6+ Kh7 33. Rxb1 Qc7+ 34.
g3 Bd6 35. Qxc7 Bxc7 36. Nh4 Rd8 37. Re1 Rd6 38. Nf3 Bb6 39. Re4 Bc6 40. Rf4
Bxf3 41. Rxf3 Bxd4 42. Rf7 b6 0-1

[Event "Edmonton CC Reserves"]
[Site "Edmonton CAN"]
[Date "2006.02.02"]
[Round "5"]
[White "Thompson, Peter"]
[Black "Palombi, Tony"]
[Result "1-0"]
[WhiteElo "1207"]
[BlackElo "1297"]
[PlyCount "122"]
[EventDate "2006.01.05"]
[EventType "swiss"]
[EventRounds "8"]
[EventCountry "CAN"]

1. d4 d5 2. c4 c6 3. Nc3 Nf6 4. e3 Bf5 5. Nge2 e6 6. Ng3 Bg6 7. Bd3 Bxd3 8.
Qxd3 Be7 9. e4 O-O 10. e5 Ne8 11. cxd5 cxd5 12. O-O Nc6 13. Be3 Rc8 14. f4 f5
15. Nh1 Nc7 16. Nf2 Na6 17. g4 g6 18. a3 Na5 19. gxf5 gxf5 20. Qe2 Nc7 21. Nh3
h6 22. Qh5 Kh7 23. Rf3 Rg8+ 24. Rg3 Qe8 25. Ng5+ Bxg5 26. Qxe8 Nxe8 27. fxg5
Nc4 28. g6+ Rxg6 29. Bc1 h5 30. Kf2 Rxg3 31. hxg3 Nc7 32. b3 Na5 33. Rb1 a6 34.
Bd2 b6 35. a4 Nc6 36. Ne2 Ne7 37. Rh1 Kg6 38. Nf4+ Kf7 39. Rxh5 Rg8 40. Rh7+
Rg7 41. Rxg7+ Kxg7 42. Bb4 Ng6 43. Nh5+ Kh6 44. Nf6 Kg7 45. Bd6 Na8 46. Ke3 Nf8
47. Kd3 Nh7 48. Nh5+ Kg6 49. Nf4+ Kf7 50. b4 b5 51. a5 Ng5 52. Ke3 Ke8 53. Nd3
Ne4 54. Bc5 Nxg3 55. Kf4 Ne4 56. Ke3 Kd7 57. Bf8 Nc7 58. Nf4 Ke8 59. Bh6 Kf7
60. Nd3 Nf6 61. exf6 Kxf6 1-0

[Event "Estival I"]
[Site "Quebec CAN"]
[Date "2006.06.19"]
[Round "1"]
[White "Beaudoin, Stephane"]
[Black "Monga, Alain"]
[Result "1-0"]
[WhiteElo "1950"]
[BlackElo "1643"]
[PlyCount "60"]
[EventDate "2006.06.19"]
[EventType "swiss"]
[EventRounds "5"]
[EventCountry "CAN"]

1. e4 c6 2. d4 d5 3. Nc3 dxe4 4. Nxe4 Nd7 5. Bd3 Ngf6 6. Ng5 e6 7. N1f3 Bd6 8.
O-O Qc7 9. Re1 O-O 10. Qe2 h6 11. Nh3 Ng4 12. g3 c5 13. Nf4 b6 14. Nd2 Ngf6 15.
Nc4 cxd4 16. Nxe6 Re8 17. Nxc7 Rxe2 18. Rxe2 Bxc7 19. Bd2 Bb7 20. Rae1 Bf3 21.
Re7 b5 22. Na3 Bd6 23. Nxb5 Bxe7 24. Rxe7 Bd5 25. Nxd4 Bxa2 26. b3 Nc5 27. Bc4
Nfe4 28. Bb4 a5 29. Bxc5 Nxc5 30. Rxf7 Kh7 1-0

[Event "Estival I"]
[Site "Quebec CAN"]
[Date "2006.06.19"]
[Round "1"]
[White "Cournoyer, Dominic"]
[Black "Marois, Remi"]
[Result "1/2-1/2"]
[WhiteElo "1803"]
[BlackElo "1490"]
[PlyCount "85"]
[EventDate "2006.06.19"]
[EventType "swiss"]
[EventRounds "5"]
[EventCountry "CAN"]

1. c4 Nf6 2. Nc3 e6 3. Nf3 Bb4 4. Qc2 O-O 5. e3 d5 6. Be2 b6 7. O-O Ba6 8. d3
Qe7 9. b3 dxc4 10. dxc4 Rd8 11. Bb2 Ba3 12. Bxa3 Qxa3 13. Nd4 Bb7 14. Bf3 Bxf3
15. Nxf3 Nc6 16. Rfd1 Qe7 17. h3 Rxd1+ 18. Rxd1 Rd8 19. Qe2 Rxd1+ 20. Qxd1 a6
21. Nd4 Nxd4 22. Qxd4 Qd7 23. Kf1 c5 24. Qxd7 Nxd7 25. Ke2 Kf8 26. Kd3 Ke7 27.
g4 Kd6 28. Ne4+ Ke7 29. f4 f5 30. Nf2 g6 31. Kc3 a5 32. gxf5 exf5 33. a3 Nf6
34. b4 a4 35. bxc5 bxc5 36. Kd3 Ke6 37. Nd1 Nd7 38. Nc3 Nb6 39. e4 fxe4+ 40.
Nxe4 Nd7 41. Ke3 h6 42. Ng3 Nb6 43. Kd3 1/2-1/2

[Event "Estival I"]
[Site "Quebec CAN"]
[Date "2006.06.19"]
[Round "1"]
[White "Fortier, Bertrand"]
[Black "Lessard, Claude"]
[Result "0-1"]
[WhiteElo "1661"]
[BlackElo "2022"]
[PlyCount "76"]
[EventDate "2006.06.19"]
[EventType "swiss"]
[EventRounds "5"]
[EventCountry "CAN"]

1. e4 c5 2. Nc3 d6 3. f4 Nf6 4. Nf3 Nc6 5. Bc4 e6 6. d3 Be7 7. O-O O-O 8. e5
dxe5 9. fxe5 Nxe5 10. Nxe5 Qd4+ 11. Kh1 Qxe5 12. Ne2 Qh5 13. Ng3 Qxd1 14. Rxd1
Bd7 15. Rf1 Bc6 16. Bf4 Nd5 17. Bxd5 Bxd5 18. Ne2 b5 19. Nc3 Bc6 20. Rae1 Rfd8
21. Ne4 c4 22. Re3 cxd3 23. cxd3 Rd7 24. Rg3 Bxe4 25. dxe4 Rc8 26. h3 a5 27. a3
a4 28. b3 Bxa3 29. bxa4 b4 30. Be5 g6 31. Rb3 Ra8 32. Ra1 f5 33. exf5 exf5 34.
Bb2 Rxa4 35. Bxa3 Rda7 36. Bb2 Rxa1+ 37. Bxa1 Rxa1+ 38. Kh2 Ra4 0-1

[Event "Estival I"]
[Site "Quebec CAN"]
[Date "2006.06.19"]
[Round "1"]
[White "Skakni, Ismael"]
[Black "Poliquin, Yvon"]
[Result "0-1"]
[WhiteElo "1577"]
[BlackElo "1884"]
[PlyCount "77"]
[EventDate "2006.06.19"]
[EventType "swiss"]
[EventRounds "5"]
[EventCountry "CAN"]

1. d4 Nf6 2. Nf3 d5 3. e3 c5 4. c3 Nbd7 5. Nbd2 e6 6. Bd3 Be7 7. O-O O-O 8. Qe2
Qc7 9. e4 dxe4 10. Nxe4 b6 11. dxc5 Nxc5 12. Nxc5 Qxc5 13. Be3 Qh5 14. Ng5 Qxe2
15. Bxe2 Nd5 16. Bd2 h6 17. Nf3 Bd6 18. Rad1 Bb7 19. Rfe1 Rfd8 20. Nd4 Nf4 21.
Bf1 a6 22. g3 Ng6 23. Bc1 Ne5 24. Bf4 Nf3+ 25. Nxf3 Bxf4 26. Rxd8+ Rxd8 27. Bg2
Bc7 28. Nd4 Bxg2 29. Kxg2 Kf8 30. Kf3 Rd6 31. Re3 b5 32. Ke2 Bb6 33. Re4 Bxd4
34. Rxd4 Rxd4 35. cxd4 Ke7 36. g4 Kd6 37. Kd3 Kd5 38. f3 b4 39. b3 0-1

[Event "Estival I"]
[Site "Quebec CAN"]
[Date "2006.06.26"]
[Round "2"]
[White "Lapointe, Daniel"]
[Black "Cournoyer, Dominic"]
[Result "0-1"]
[WhiteElo "1515"]
[BlackElo "1803"]
[PlyCount "48"]
[EventDate "2006.06.19"]
[EventType "swiss"]
[EventRounds "5"]
[EventCountry "CAN"]

1. d4 f5 2. Bf4 Nf6 3. Nc3 e6 4. e3 Be7 5. Bc4 d5 6. Be2 a6 7. Bh5+ g6 8. Be2
Bf8 9. Nf3 Bg7 10. Ne5 Nbd7 11. g4 Nxe5 12. Bxe5 fxg4 13. Bxg4 Qe7 14. Qe2 Bd7
15. O-O-O O-O-O 16. Kb1 Rhf8 17. Bg3 Nxg4 18. Qxg4 e5 19. Qe2 exd4 20. Nxd5 Qe4
21. Nxc7 dxe3 22. fxe3 Bg4 23. Rxd8+ Rxd8 24. Qf2 Qxh1+ 0-1

[Event "Estival I"]
[Site "Quebec CAN"]
[Date "2006.06.26"]
[Round "2"]
[White "Lessard, Claude"]
[Black "Gagnon, Francois"]
[Result "1-0"]
[WhiteElo "2022"]
[BlackElo "1691"]
[PlyCount "69"]
[EventDate "2006.06.19"]
[EventType "swiss"]
[EventRounds "5"]
[EventCountry "CAN"]

1. d4 Nf6 2. c4 g6 3. Nf3 Bg7 4. g3 d6 5. Bg2 O-O 6. O-O Nbd7 7. Nc3 e5 8. dxe5
dxe5 9. Qc2 Qe7 10. b3 Nc5 11. Ba3 Bf5 12. Qc1 b6 13. Nh4 e4 14. Nxf5 gxf5 15.
Qg5 Qe5 16. Bxc5 Qxc5 17. Bh3 Rae8 18. Na4 Qa5 19. Qxf5 Re5 20. Qf4 Nh5 21. Qc1
f5 22. e3 Re6 23. Rb1 Rg6 24. Kh1 Qe5 25. Rd1 c6 26. Rd7 Bh6 27. Qd1 f4 28.
exf4 Bxf4 29. Rd8 Bxg3 30. Rxf8+ Kxf8 31. hxg3 e3 32. Qf3+ Kg7 33. Re1 Nxg3+
34. fxg3 Rxg3 35. Qf5 1-0

[Event "Estival I"]
[Site "Quebec CAN"]
[Date "2006.06.26"]
[Round "2"]
[White "Poliquin, Yvon"]
[Black "Bourassa, Samuel"]
[Result "0-1"]
[WhiteElo "1884"]
[BlackElo "1677"]
[PlyCount "48"]
[EventDate "2006.06.19"]
[EventType "swiss"]
[EventRounds "5"]
[EventCountry "CAN"]

1. e4 c5 2. Nf3 d6 3. d4 cxd4 4. Nxd4 Nf6 5. Nc3 a6 6. Bg5 e6 7. Qd3 Be7 8.
O-O-O Nbd7 9. f4 Qc7 10. Qg3 Nc5 11. Bxf6 Bxf6 12. Kb1 Bd7 13. Be2 O-O 14. Qf2
b5 15. a3 Rab8 16. g4 Qa5 17. g5 b4 18. Nb3 Nxb3 19. gxf6 bxc3 20. Qg3 Nd2+ 21.
Rxd2 Rxb2+ 22. Kc1 Rb1+ 23. Kxb1 Rb8+ 24. Bb5 Qxb5+ 0-1

[Event "Estival I"]
[Site "Quebec CAN"]
[Date "2006.06.26"]
[Round "2"]
[White "Vallieres, David"]
[Black "Beaudoin, Stephane"]
[Result "0-1"]
[WhiteElo "1729"]
[BlackElo "1949"]
[PlyCount "56"]
[EventDate "2006.06.19"]
[EventType "swiss"]
[EventRounds "5"]
[EventCountry "CAN"]

1. e4 g6 2. d4 Bg7 3. Nc3 d6 4. f4 Nf6 5. Nf3 O-O 6. Be2 c5 7. d5 b5 8. e5 dxe5
9. fxe5 Ng4 10. Bf4 b4 11. Ne4 Nd7 12. e6 Nb6 13. Nfg5 fxe6 14. Bxg4 Rxf4 15.
Bxe6+ Bxe6 16. dxe6 Qc7 17. Qe2 Bxb2 18. Rd1 Qe5 19. g3 Rf5 20. Nf3 Qxe6 21.
O-O Raf8 22. Rde1 h6 23. Qg2 Qc4 24. Ned2 Bd4+ 25. Kh1 Qd5 26. Rxe7 Nc4 27.
Ree1 Ne3 28. Rxe3 Bxe3 0-1

[Event "Estival I"]
[Site "Quebec CAN"]
[Date "2006.07.03"]
[Round "3"]
[White "Boissinot, Claude"]
[Black "Lessard, Claude"]
[Result "0-1"]
[WhiteElo "1651"]
[BlackElo "2022"]
[PlyCount "60"]
[EventDate "2006.06.19"]
[EventType "swiss"]
[EventRounds "5"]
[EventCountry "CAN"]

1. e4 g6 2. d4 Bg7 3. Nf3 d6 4. Bc4 Nf6 5. e5 dxe5 6. Nxe5 O-O 7. O-O c5 8. c3
Qc7 9. Bf4 Qb6 10. Bb3 a5 11. dxc5 Qxc5 12. Nd2 Nh5 13. Nd3 Qb5 14. Bc4 Qd7 15.
Bxb8 Rxb8 16. a4 b6 17. Bb5 Qc7 18. Qe2 Bb7 19. Rae1 e6 20. Qe3 Rbd8 21. Nc4
Rxd3 22. Qxd3 Bxg2 23. Qe3 Nf4 24. Qxb6 Qe7 25. Qe3 Bh6 26. Qg3 Rd8 27. Nxa5
Rd5 28. h4 Rh5 29. f3 Rxh4 30. Qxh4 Qxh4 0-1

[Event "Estival I"]
[Site "Quebec CAN"]
[Date "2006.07.03"]
[Round "3"]
[White "Cournoyer, Dominic"]
[Black "Bourassa, Samuel"]
[Result "1-0"]
[WhiteElo "1803"]
[BlackElo "1677"]
[PlyCount "55"]
[EventDate "2006.06.19"]
[EventType "swiss"]
[EventRounds "5"]
[EventCountry "CAN"]

1. c4 Nf6 2. Nc3 g6 3. Nf3 Bg7 4. g3 O-O 5. Bg2 d6 6. O-O e5 7. Rb1 Nc6 8. b4
Be6 9. d3 h6 10. h3 Nd7 11. a3 f5 12. Bb2 Ne7 13. Kh2 g5 14. Nd2 g4 15. Bxb7
Rb8 16. Bg2 f4 17. h4 Nf5 18. Bd5 Bxd5 19. Nxd5 Nxh4 20. Ne4 Nf5 21. Qa4 Nf6
22. Ndxf6+ Bxf6 23. Rh1 h5 24. gxf4 exf4 25. Bxf6 Rxf6 26. Qe8+ Rf8 27. Qg6+
Ng7 28. Ng5 1-0

[Event "Estival I"]
[Site "Quebec CAN"]
[Date "2006.07.10"]
[Round "4"]
[White "Bonneau, Daniel"]
[Black "Cournoyer, Dominic"]
[Result "1-0"]
[WhiteElo "2024"]
[BlackElo "1803"]
[PlyCount "62"]
[EventDate "2006.06.19"]
[EventType "swiss"]
[EventRounds "5"]
[EventCountry "CAN"]

1. d4 Na6 2. e4 c6 3. Nf3 d6 4. c3 Nc7 5. Bd3 g6 6. Qe2 Bg7 7. O-O Nf6 8. h3
O-O 9. Bf4 Ne6 10. Bh2 Nh5 11. Qd2 Nf6 12. Na3 a6 13. Nc2 b5 14. Rfe1 Bb7 15.
Rad1 c5 16. d5 Nc7 17. Ne3 Nd7 18. Qc2 Ne8 19. Nd2 Nef6 20. f4 Qb6 21. c4 Rfe8
22. Nf3 Kh8 23. Kh1 Rac8 24. Ng5 h6 25. Nxf7+ Kg8 26. e5 dxe5 27. fxe5 Kxf7 28.
Bxg6+ Kg8 29. exf6 Bxf6 30. Bxe8 Rxe8 31. Qg6+ Bg7 1-0

[Event "Estival I"]
[Site "Quebec CAN"]
[Date "2006.07.10"]
[Round "4"]
[White "Bourassa, Samuel"]
[Black "Bluteau, Yvon"]
[Result "1-0"]
[WhiteElo "1677"]
[BlackElo "1762"]
[PlyCount "53"]
[EventDate "2006.06.19"]
[EventType "swiss"]
[EventRounds "5"]
[EventCountry "CAN"]

1. e4 c5 2. Nf3 Nf6 3. e5 Nd5 4. c4 Nc7 5. d4 cxd4 6. Nxd4 Nc6 7. Bf4 Nxd4 8.
Qxd4 Ne6 9. Qe4 Nxf4 10. Qxf4 Qb6 11. Qd2 d6 12. exd6 exd6 13. Bd3 Be7 14. Nc3
Be6 15. O-O O-O 16. Rfe1 Rfe8 17. Re4 Qc5 18. Rae1 Bf8 19. Nd5 Bd7 20. Qg5 Kh8
21. Qh4 Rxe4 22. Qxe4 g6 23. Nf6 Qc8 24. Qh4 h6 25. Re7 Bg7 26. Rxf7 Qd8 27.
Qxh6+ 1-0

[Event "Estival I"]
[Site "Quebec CAN"]
[Date "2006.07.10"]
[Round "4"]
[White "Lessard, Claude"]
[Black "Beaudoin, Stephane"]
[Result "1-0"]
[WhiteElo "2022"]
[BlackElo "1949"]
[PlyCount "67"]
[EventDate "2006.06.19"]
[EventType "swiss"]
[EventRounds "5"]
[EventCountry "CAN"]

1. e4 c5 2. Nf3 d6 3. d4 cxd4 4. Nxd4 Nf6 5. Nc3 e6 6. Bc4 Qc7 7. Bb3 a6 8. O-O
b5 9. Re1 Be7 10. Qf3 O-O 11. Qg3 Kh8 12. a3 Nc6 13. Nxc6 Qxc6 14. f4 Qc5+ 15.
Be3 Qh5 16. h3 Bb7 17. Bd4 Ne8 18. Qh2 Bf6 19. Bxf6 gxf6 20. Kf2 Qc5+ 21. Kf1
d5 22. exd5 exd5 23. Qg1 Qd6 24. Qd4 Nc7 25. Re3 Rg8 26. g3 Rg7 27. Rae1 Bc6
28. Kf2 Rg6 29. f5 Rg5 30. Rf3 Kg7 31. Ne4 Qe5 32. Qxe5 fxe5 33. Nxg5 e4 34.
Rc3 1-0

[Event "Estival I"]
[Site "Quebec CAN"]
[Date "2006.07.10"]
[Round "4"]
[White "Lessard, Claude"]
[Black "Beaudoin, Stephane"]
[Result "0-1"]
[WhiteElo "2022"]
[BlackElo "1949"]
[PlyCount "44"]
[EventDate "2006.06.19"]
[EventType "swiss"]
[EventRounds "5"]
[EventCountry "CAN"]

1. e4 g6 2. d4 Bg7 3. Nc3 d6 4. f4 Nf6 5. Nf3 O-O 6. Bd3 Na6 7. O-O c5 8. Bxa6
cxd4 9. Bd3 dxc3 10. b3 b5 11. Qe1 Nd7 12. Be3 Bb7 13. Qf2 a6 14. Rae1 Rc8 15.
Ng5 h6 16. Nh3 Nc5 17. Bxc5 dxc5 18. Qe2 c4 19. bxc4 bxc4 20. Bxc4 Qd4+ 21. Kh1
Qxc4 22. Qg4 Bxe4 0-1

[Event "Estival I"]
[Site "Quebec CAN"]
[Date "2006.07.17"]
[Round "5"]
[White "Beaudoin, Stephane"]
[Black "Bonneau, Daniel"]
[Result "1/2-1/2"]
[WhiteElo "1949"]
[BlackElo "2024"]
[PlyCount "81"]
[EventDate "2006.06.19"]
[EventType "swiss"]
[EventRounds "5"]
[EventCountry "CAN"]

1. e4 d6 2. d4 Nf6 3. Nc3 g6 4. f4 Bg7 5. Nf3 O-O 6. Bd3 Na6 7. O-O c5 8. d5
Rb8 9. Kh1 Bg4 10. Qe1 Nb4 11. a3 Nxd3 12. cxd3 e6 13. dxe6 Bxe6 14. Ng5 Bd7
15. Be3 b6 16. Nf3 Bc6 17. Rd1 Qe7 18. Bc1 Rbe8 19. Ne2 Qb7 20. Ng3 d5 21. e5
d4 22. Qe2 Ng4 23. Ne4 Bxe4 24. dxe4 Nh6 25. b4 Kh8 26. bxc5 bxc5 27. Nd2 f6
28. Nc4 Qa6 29. Qc2 fxe5 30. h3 exf4 31. Bxf4 Nf7 32. Qd3 Qe6 33. e5 Nxe5 34.
Bxe5 Rxf1+ 35. Rxf1 Bxe5 36. Re1 Qd5 37. Re4 Re7 38. Qe2 d3 39. Qe3 Bf4 40.
Qxf4 Rxe4 41. Qf8+ 1/2-1/2

[Event "Estival I"]
[Site "Quebec CAN"]
[Date "2006.07.17"]
[Round "5"]
[White "Bourassa, Samuel"]
[Black "Lessard, Claude"]
[Result "0-1"]
[WhiteElo "1677"]
[BlackElo "2022"]
[PlyCount "66"]
[EventDate "2006.06.19"]
[EventType "swiss"]
[EventRounds "5"]
[EventCountry "CAN"]

1. e4 c5 2. Nf3 d6 3. d4 cxd4 4. Nxd4 Nf6 5. Nc3 g6 6. Be3 Bg7 7. f3 O-O 8. Qd2
Nc6 9. O-O-O d5 10. Nxc6 bxc6 11. exd5 Nxd5 12. Nxd5 cxd5 13. Qxd5 Qc7 14. Qc5
Qb7 15. b3 Bf5 16. Bd3 Rfc8 17. Qa5 Bxd3 18. Rxd3 Qc6 19. Qd2 Bc3 20. Qf2 Qa6
21. Bc5 Qxa2 22. Rxc3 Qa1+ 23. Kd2 Rd8+ 24. Rd3 Rxd3+ 25. Kxd3 Qxh1 26. Qg1
Qxg1 27. Bxg1 Kf8 28. c4 Ke8 29. b4 a6 30. Kc3 Kd7 31. b5 axb5 32. cxb5 Ra1 33.
Be3 Kc7 0-1

[Event "Estival I"]
[Site "Quebec CAN"]
[Date "2006.07.17"]
[Round "5"]
[White "Cournoyer, Dominic"]
[Black "Lapierre, Gaetan"]
[Result "0-1"]
[WhiteElo "1803"]
[BlackElo "1897"]
[PlyCount "68"]
[EventDate "2006.06.19"]
[EventType "swiss"]
[EventRounds "5"]
[EventCountry "CAN"]

1. c4 Nf6 2. Nc3 g6 3. Nf3 Bg7 4. g3 b6 5. Bg2 Bb7 6. O-O O-O 7. d3 d6 8. Bd2
e5 9. Qa4 Nbd7 10. b4 a5 11. b5 Nc5 12. Qc2 e4 13. dxe4 Nfxe4 14. Rad1 Nxd2 15.
Qxd2 a4 16. Nd5 a3 17. Qg5 Qxg5 18. Nxg5 h6 19. Ne4 Bxd5 20. Rxd5 Nd7 21. Rc1
Rfe8 22. e3 Ra4 23. Nd2 Rb4 24. Rb1 Rb2 25. Rxb2 axb2 26. Rd3 Nc5 27. Ra3 f5
28. Ra7 Ne4 29. Bxe4 fxe4 30. a3 d5 31. c5 d4 32. Kf1 dxe3 33. fxe3 Rd8 34. Ke1
Bc3 0-1

[Event "Estival II"]
[Site "Quebec CAN"]
[Date "2006.07.24"]
[Round "1"]
[White "Boulianne, Gabriel"]
[Black "Cournoyer, Dominic"]
[Result "0-1"]
[WhiteElo "1523"]
[BlackElo "1796"]
[PlyCount "36"]
[EventDate "2006.07.24"]
[EventType "swiss"]
[EventRounds "5"]
[EventCountry "CAN"]

1. d4 f5 2. Bg5 Nf6 3. Nd2 e6 4. e3 Be7 5. c4 O-O 6. Bd3 d6 7. Qc2 h6 8. Bf4
Nbd7 9. Ngf3 b6 10. Bg3 d5 11. cxd5 Nxd5 12. Qc6 Nb4 13. Qxa8 Nxd3+ 14. Ke2
Nxb2 15. Qxa7 Nc5 16. dxc5 Qd3+ 17. Ke1 Ba6 18. Nd4 Bxc5 0-1

[Event "Estival II"]
[Site "Quebec CAN"]
[Date "2006.07.24"]
[Round "1"]
[White "Laflamme, Simon"]
[Black "Gagnon, Francois"]
[Result "1-0"]
[WhiteElo "1970"]
[BlackElo "1667"]
[PlyCount "36"]
[EventDate "2006.07.24"]
[EventType "swiss"]
[EventRounds "5"]
[EventCountry "CAN"]

1. d4 Nf6 2. Nc3 c5 3. Bg5 cxd4 4. Qxd4 Nc6 5. Qh4 d6 6. O-O-O b5 7. e4 a6 8.
Nf3 Qa5 9. Nd2 Be6 10. Nb3 Bxb3 11. axb3 Rc8 12. Be2 Nb4 13. Kd2 Rxc3 14. bxc3
Na2 15. Bxf6 gxf6 16. Qh3 Bh6+ 17. Ke1 Nxc3 18. Qc8+ Qd8 1-0

[Event "Estival II"]
[Site "Quebec CAN"]
[Date "2006.07.24"]
[Round "1"]
[White "Poliquin, Yvon"]
[Black "Boissinot, Claude"]
[Result "1-0"]
[WhiteElo "1924"]
[BlackElo "1632"]
[PlyCount "87"]
[EventDate "2006.07.24"]
[EventType "swiss"]
[EventRounds "5"]
[EventCountry "CAN"]

1. e4 e5 2. Nf3 Nc6 3. Bb5 Nf6 4. d3 h6 5. Bxc6 dxc6 6. Nxe5 Bd6 7. Nc4 Bc5 8.
Be3 Bg4 9. f3 Bxe3 10. Nxe3 Be6 11. Qd2 Qe7 12. Nc3 O-O 13. O-O Rfd8 14. Qf2
Qb4 15. Rab1 Nh7 16. f4 Qe7 17. Ne2 Kh8 18. a3 Rf8 19. f5 Bd7 20. Kh1 b6 21.
Qf4 Rac8 22. b4 b5 23. Ng3 f6 24. h4 Be8 25. Rbe1 Rd8 26. Qf2 a6 27. Ne2 Qd7
28. Nf4 Bf7 29. Ng6+ Kg8 30. Nxf8 Nxf8 31. Ng4 h5 32. Nh2 Qd6 33. Qf4 Qd7 34.
Nf3 Re8 35. e5 Bd5 36. exf6 Rxe1 37. Rxe1 gxf6 38. Re3 Kh7 39. Nd4 Qg7 40. Rg3
Qe7 41. Ne6 Nxe6 42. fxe6 Bxe6 43. Re3 Qf7 44. Qe4+ 1-0